<?xml version="1.0" encoding="UTF-8"?>
<record
    xmlns:xsi="http://www.w3.org/2001/XMLSchema-instance"
    xsi:schemaLocation="http://www.loc.gov/MARC21/slim http://www.loc.gov/standards/marcxml/schema/MARC21slim.xsd"
    xmlns="http://www.loc.gov/MARC21/slim">

  <leader>00780nam a22001817a 4500</leader>
  <controlfield tag="005">20120209102810.0</controlfield>
  <datafield tag="020" ind1=" " ind2=" ">
    <subfield code="c">70.00</subfield>
    <subfield code="a"> </subfield>
  </datafield>
  <datafield tag="035" ind1=" " ind2=" ">
    <subfield code="a">A-814611</subfield>
  </datafield>
  <datafield tag="037" ind1=" " ind2=" ">
    <subfield code="b"> </subfield>
    <subfield code="a">dpl</subfield>
  </datafield>
  <datafield tag="082" ind1=" " ind2=" ">
    <subfield code="a">158.1</subfield>
  </datafield>
  <datafield tag="100" ind1=" " ind2=" ">
    <subfield code="a">&#x92E;&#x93E;&#x930;&#x94D;&#x921;&#x928;, &#x938;&#x94D;&#x935;&#x947;&#x91F;</subfield>
    <subfield code="9">41279</subfield>
  </datafield>
  <datafield tag="245" ind1="1" ind2=" ">
    <subfield code="a">&#x906;&#x924;&#x94D;&#x92E;&#x935;&#x93F;&#x936;&#x94D;&#x935;&#x93E;&#x938; &#x915;&#x940; &#x92A;&#x942;&#x902;&#x91C;&#x940; /</subfield>
    <subfield code="c">&#x938;&#x94D;&#x935;&#x947;&#x91F; &#x92E;&#x93E;&#x930;&#x94D;&#x921;&#x928;</subfield>
  </datafield>
  <datafield tag="260" ind1=" " ind2=" ">
    <subfield code="a">&#x91A;&#x923;&#x94D;&#x921;&#x940;&#x917;&#x922;&#x93C;</subfield>
    <subfield code="b">&#x905;&#x92D;&#x93F;&#x937;&#x947;&#x915; &#x92A;&#x92C;&#x94D;&#x932;&#x93F;&#x915;&#x947;&#x936;&#x928;&#x94D;&#x91C;&#x93C;</subfield>
    <subfield code="c">1996</subfield>
  </datafield>
  <datafield tag="270" ind1=" " ind2=" ">
    <subfield code="a"> </subfield>
    <subfield code="b"> </subfield>
    <subfield code="e"> </subfield>
    <subfield code="k"> </subfield>
  </datafield>
  <datafield tag="300" ind1=" " ind2=" ">
    <subfield code="a">84&#x92A;&#x943;.</subfield>
    <subfield code="c">22&#x938;&#x947;&#x92E;&#x940; (&#x938;&#x91C;&#x93F;&#x932;&#x94D;&#x926;)</subfield>
  </datafield>
  <datafield tag="942" ind1=" " ind2=" ">
    <subfield code="a">dpl</subfield>
    <subfield code="c">HN</subfield>
    <subfield code="k"> </subfield>
    <subfield code="2">ddc</subfield>
    <subfield code="h">158.1</subfield>
    <subfield code="m">&#x92E;&#x93E;&#x930;&#x94D;&#x921;&#x928;</subfield>
  </datafield>
  <datafield tag="999" ind1=" " ind2=" ">
    <subfield code="c">62348</subfield>
    <subfield code="d">62348</subfield>
  </datafield>
  <datafield tag="952" ind1=" " ind2=" ">
    <subfield code="0">0</subfield>
    <subfield code="1">0</subfield>
    <subfield code="4">0</subfield>
    <subfield code="7">0</subfield>
    <subfield code="8">NFIC</subfield>
    <subfield code="a">ZLS</subfield>
    <subfield code="b">ZLS</subfield>
    <subfield code="d">2012-02-09</subfield>
    <subfield code="g">70.00</subfield>
    <subfield code="l">0</subfield>
    <subfield code="o">158.1 &#x92E;&#x93E;&#x930;&#x94D;&#x921;&#x928;</subfield>
    <subfield code="p">A-814611</subfield>
    <subfield code="r">2012-02-09 00:00:00</subfield>
    <subfield code="v">70.00</subfield>
    <subfield code="w">2012-02-09</subfield>
    <subfield code="y">HN</subfield>
  </datafield>
</record>
